000
00243nam a2200097Ia 4500
008
190216s9999||||xx |||||||||||||| ||und||
100
_a
Damodharan K
245
0
_a
Dhana Shashthrathinde Adisthana Thathwangal
260
_b
Nbs Kottayam
942
_c
BK
999
_c
9270
_d
9270